|
|
|
|
| LEADER |
01210nam a2200277 4500 |
| 001 |
c000187902 |
| 003 |
CARM |
| 005 |
20050727202709.0 |
| 008 |
840201s1967 stka 000 0 spa d |
| 019 |
1 |
|
|a 27851397
|5 LACONCORD2021
|
| 035 |
|
|
|a (OCoLC)259616
|5 LACONCORD2021
|
| 040 |
|
|
|a MnU
|b eng
|c MnU
|d VU
|
| 041 |
1 |
|
|a spaeng
|
| 100 |
1 |
|
|a Amil, Antonio Ruiz.
|
| 245 |
1 |
0 |
|a Curvas de difraccion de rayos X para el analisis de estructuras interestratificadas;
|b X-ray diffraction curves for the analysis of interstratified structures.
|c Por Antonio Ruiz Amil, Araceli Ramírez García [and] Douglas M. C. MacEwan.
|
| 250 |
|
|
|a 1st ed.
|
| 260 |
|
|
|a [Edinburgh]
|b Volturna Press,
|c 1967.
|
| 300 |
|
|
|a [179] p. illus. 27 cm.
|
| 500 |
|
|
|a Spanish and English.
|
| 650 |
|
0 |
|a X-rays
|x Diffraction.
|
| 700 |
1 |
|
|a MacEwan, Douglas M. C,
|e joint author.
|
| 700 |
1 |
|
|a Ramírez Garcia, Araceli.
|
| 740 |
0 |
|
|a X-ray diffraction curves for the analysis of interstratified structures.
|
| 852 |
8 |
|
|b CARM
|h A2:AO17B0
|i D08516
|p 0251995
|f BK
|
| 999 |
f |
f |
|i 75a0929f-0e52-523e-a659-7f7069d28f04
|s 26d77bd0-3a29-5f75-a88c-03b513d85afd
|
| 952 |
f |
f |
|p Can circulate
|a CAVAL
|b CAVAL
|c CAVAL
|d CARM 1 Store
|e D08516
|f A2:AO17B0
|h Other scheme
|i book
|m 0251995
|